00333nam a2200157Ia 450000100040000000500170000400800410002104100080006208200130007010000270008324500120011026000090012230000280013165000080015965400080016781920260306140546.0260306t2011||||xx |||||||||||||| ||spa|| aESP a170bH22 aHartmann, NicolaieAUT 0aÉtica c2011 a852 páginas :c24 cm. aGEN aCHU